La economía de Costa Rica en 1966

Comportamiento de la economía en el periodo 1950-1966 en Costa Rica, señala características económicas: tasas de crecimiento del PIB, por sectores, producción agropecuaria, ahorro público, inversión, crecimiento poblacional, mercado interno, balanza de pagos, ocupación y finanzas públicas de la pobl...

Descrición completa

Gardado en:
Detalles Bibliográficos
Autor Corporativo: Costa Rica. Presidencia de la República. Oficina de Planificación Nacional
Formato: Texto
Publicado: San José: OFIPLAN
Materias:
Etiquetas: Engadir etiqueta
Sen Etiquetas, Sexa o primeiro en etiquetar este rexistro!

MARC

LEADER 00000 a a2200000 04500
001 19819
003
040
090 |a 080100  
110 |a Costa Rica. Presidencia de la República. Oficina de Planificación Nacional  
245 |a La economía de Costa Rica en 1966  
260 |a San José:   |b OFIPLAN  
300 |a 52 p.  
520 |a Comportamiento de la economía en el periodo 1950-1966 en Costa Rica, señala características económicas: tasas de crecimiento del PIB, por sectores, producción agropecuaria, ahorro público, inversión, crecimiento poblacional, mercado interno, balanza de pagos, ocupación y finanzas públicas de la población y las actividades socio-económicas en la meseta central./ACM  
650 |a COSTA RICA  
650 |a ESTRUCTURA ECONOMICA  
650 |a INDICADORES ECONOMICOS  
999 |c 16390  |d 16390